High-Performance Nickel-based Superalloys for Additive Manufacturing.

Bibliographic Details
Main Author: Xu, Jinghao.
Format: eBook
Language:English
Published: Linköping : Linkopings Universitet, 2022.
Edition:1st ed.
Series:Linköping Studies in Science and Technology. Dissertations Series
Subjects:
Online Access:Click to View
LEADER 02154nam a22003853i 4500
001 EBC6950306
003 MiAaPQ
005 20240729202203.0
006 m o d |
007 cr cnu||||||||
008 240729s2022 xx o ||||0 eng d
020 |a 9789179292577  |q (electronic bk.) 
020 |z 9789179292577 
035 |a (MiAaPQ)EBC6950306 
035 |a (Au-PeEL)EBL6950306 
035 |a (OCoLC)1312166053 
040 |a MiAaPQ  |b eng  |e rda  |e pn  |c MiAaPQ  |d MiAaPQ 
100 1 |a Xu, Jinghao. 
245 1 0 |a High-Performance Nickel-based Superalloys for Additive Manufacturing. 
250 |a 1st ed. 
264 1 |a Linköping :  |b Linkopings Universitet,  |c 2022. 
264 4 |c {copy}2022. 
300 |a 1 online resource (89 pages) 
336 |a text  |b txt  |2 rdacontent 
337 |a computer  |b c  |2 rdamedia 
338 |a online resource  |b cr  |2 rdacarrier 
490 1 |a Linköping Studies in Science and Technology. Dissertations Series ;  |v v.2217 
505 0 |a Intro -- Abstract -- Populärvetenskaplig Sammanfattning -- Popular Science Summary -- Acknowledgements -- List of Publications -- List of Abbreviations -- Nomenclature -- Contents -- Chapter 1 General introduction -- Chapter 2 Literature review -- Chapter 3 Experimental methodology -- Chapter 4 Crack susceptibility model -- Chapter 5 LPBF and Post-processing -- Chapter 6 Mechanical properties -- Chapter 7 Oxidation property -- Chapter 8 Conclusions and outlook -- Bibliography -- Papers. 
588 |a Description based on publisher supplied metadata and other sources. 
590 |a Electronic reproduction. Ann Arbor, Michigan : ProQuest Ebook Central, 2024. Available via World Wide Web. Access may be limited to ProQuest Ebook Central affiliated libraries.  
655 4 |a Electronic books. 
776 0 8 |i Print version:  |a Xu, Jinghao  |t High-Performance Nickel-based Superalloys for Additive Manufacturing  |d Linköping : Linkopings Universitet,c2022  |z 9789179292577 
797 2 |a ProQuest (Firm) 
830 0 |a Linköping Studies in Science and Technology. Dissertations Series 
856 4 0 |u https://ebookcentral.proquest.com/lib/matrademy/detail.action?docID=6950306  |z Click to View